Elementary problems in organic chemistry for JEE (Record no. 12832)

000 -LEADER
fixed length control field 00523nam a22001937a 4500
008 - FIXED-LENGTH DATA ELEMENTS--GENERAL INFORMATION
fixed length control field 250919b 2025 ||||| |||| 00| 0 eng d
020 ## - INTERNATIONAL STANDARD BOOK NUMBER
International Standard Book Number 9789368027201
082 ## - DEWEY DECIMAL CLASSIFICATION NUMBER
Classification number 547
Item number CHO
100 ## - MAIN ENTRY--PERSONAL NAME
Personal name Chouhan, M. S.
245 ## - TITLE STATEMENT
Title Elementary problems in organic chemistry for JEE
250 ## - EDITION STATEMENT
Edition statement 12th ed.
260 ## - PUBLICATION, DISTRIBUTION, ETC. (IMPRINT)
Place of publication, distribution, etc Muzaffarnagar, UP
Name of publisher, distributor, etc Shri Balaji Publication
Date of publication, distribution, etc 2025
300 ## - PHYSICAL DESCRIPTION
Extent 528 pgs.
650 ## - SUBJECT ADDED ENTRY--TOPICAL TERM
Topical term or geographic name as entry element Hydrocarbons
650 ## - SUBJECT ADDED ENTRY--TOPICAL TERM
Topical term or geographic name as entry element Haloalkanes and Haloarenes
650 ## - SUBJECT ADDED ENTRY--TOPICAL TERM
Topical term or geographic name as entry element Biomolecules
650 ## - SUBJECT ADDED ENTRY--TOPICAL TERM
Topical term or geographic name as entry element Polymers
942 ## - ADDED ENTRY ELEMENTS (KOHA)
Item type Books
Holdings
Withdrawn status Lost status Source of classification or shelving scheme Damaged status Not for loan Collection code Permanent location Current location Shelving location Date acquired Full call number Barcode Date last seen Koha item type Public note
          Reference IMU-MPC Library IMU-MPC Library Reference 2025-09-19 547 CHO MPC7044 2025-09-19 Books Column - 26
Copyright © 2021 Indian Maritime University, Mumbai Port Campus. All Rights Reserved. Managed & Maintained by Central Library, IMU-Mumbai

webs counters

Powered by Koha